00522nam a2200181 a 4500001001300000003000900013005001700022008004100039020002300080082001600103100002600119245005500145260004600200300000900246500003500255505002400290700002600314nice12345678IN_TiNIC20260116014616.0050715s2003 sria grp 000 0 eng  a8190138502 c85000a954.6bWAN1 aWani, Muhammad Ashraf aIslam in Kashmir (fourteenth to Sixteenth Century) aSrinagarbOriental Publishing Housec2003 a338p aincludes index and biblioraphy2 abibliography, index1 aWani, Muhammad Ashraf